000 01085 a2200217 4500
003 Nust
005 20220815191126.0
010 _a 2004056523
020 _a0387228578 (alk. paper)
040 _cNust
082 0 0 _a621.382,DAI
100 1 _aDaigle, John N.
_997338
245 1 0 _aQueueing theory with applications to packet telecommunication /
_cJohn N. Daigle.
260 _aNew York :
_bSpringer,
_c2005.
300 _axxi, 316 p. :
_bill. ;
_c24 cm.
505 _aTerminology and Examples (Page-1), Review of Random Processes (Page-19), Elementary CTMC Based Queuing Models (Page-57), Advanced CTMC-Based Queuing Models (Page-107), The Basic M/G/1I Queuing System (Page-159),The M/G/I Queuing Systems with Priority (Page-225), Vector Markov Chains Analysis(Page-253), Closing Marks (Page-297).
650 0 _aTelecommunication Engineering.
856 4 2 _3Publisher description
_uhttp://www.loc.gov/catdir/enhancements/fy0819/2004056523-d.html
856 4 2 _3Table of contents only
_uhttp://www.loc.gov/catdir/enhancements/fy0819/2004056523-t.html
942 _cBK
_2ddc
_k621.382,DAI
999 _c178691
_d178691